Zemědělské stavby

Na minha lista:
Detalhes bibliográficos
Autor principal: Hučko, Miroslav
Formato: Livro
Idioma:tcheco
Publicado em: Praha Stát. nakl. techn. lit. 1987
Edição:2. dopln. a aktualiz. vyd.
Tags: Adicionar Tag
Sem tags, seja o primeiro a adicionar uma tag!

MARC

LEADER 00000nam a2200000 4500
001 c023921
005 20221219103752.2
041 0 |a cze 
044 |a CZ 
245 1 0 |a Zemědělské stavby  |c Miroslav Hučko a kol. 
250 |a 2. dopln. a aktualiz. vyd. 
264 1 |a Praha  |b Stát. nakl. techn. lit.  |c 1987 
300 |a 527 s. 
100 1 |a Hučko, Miroslav